00378nam a2200169Ia 4500008004100000020001400041050001400055100001800069245001400087245002100101260001500122260001600137260000900153300001600162300002000178300001000198170918s9999 xx 000 0 und d a59098182X bP332 1987 aPaulsen, Gary aHatchet / cby Gary Paulsen. aNew York : bScholastic, c1987 a195 pages : billustrations ; c17cm.